Catálogo
 En Linea

Discurso pronunciado por Doña Amanda Ornes de Perello, directora de la escuela de economía ....... (Registro nro. 30967)

Detalles MARC
000 -CABECERA
campo de control de longitud fija 00432nam a2200145 a 4500
003 - IDENTIFICADOR DEL NÚMERO DE CONTROL
campo de control DO-SdBNP
005 - FECHA Y HORA DE LA ÚLTIMA TRANSACCIÓN
campo de control 20210826141513.0
007 - CAMPO FIJO DE DESCRIPCIÓN FÍSICA--INFORMACIÓN GENERAL
campo de control de longitud fija ta
008 - DATOS DE LONGITUD FIJA--INFORMACIÓN GENERAL
campo de control de longitud fija 110627s1938 000 spa d
040 ## - FUENTE DE LA CATALOGACIÓN
Centro catalogador/agencia de origen DO-SdBNP
Lengua de catalogación spa
Centro/agencia transcriptor DO-SdBNP
041 ## - CÓDIGO DE LENGUA
Código de lengua original spa
245 #0 - MENCIÓN DE TÍTULO
Título Discurso pronunciado por Doña Amanda Ornes de Perello, directora de la escuela de economía .......
260 ## - PUBLICACIÓN, DISTRIBUCIÓN, ETC.
Lugar de publicación, distribución, etc. Santiago, República Dominicana,
Fecha de publicación, distribución, etc. 1938.
942 ## - ELEMENTOS DE PUNTO DE ACCESO ADICIONAL (KOHA)
Fuente del sistema de clasificación o colocación Dewey Decimal Classification
Tipo de ítem Koha Libro
Existencias
Estado de retiro Estado de pérdida Fuente del sistema de clasificación o colocación No para préstamo Localización permanente Ubicación/localización actual Ubicación en estantería Fecha de adquisición Total de préstamos Código de barras Fecha visto por última vez Precio válido a partir de
    Dewey Decimal Classification Excluido de préstamo Biblioteca Nacional Pedro Henríquez Ureña Patrimonio Dominicano En encuadernación 26.08.2021   2021-25749 26.08.2021 26.08.2021

Con tecnología Koha